000 00599nam a2200205 i 4500
001 22214
003 ES-MaACL
005 20260303063011.0
007 t|
008 021129s1969 sp ||||1| spa d
100 1 _aAlfonso, José,
_d1899-1976
_919850
245 1 0 _aDe Antonio Fuentes al Cordobés /
_cJosé Alfonso.
260 _aValencia :
_bPrometeo,
_c[1969]
300 _a150 p. ;
_c21 cm.
490 1 _aColección "Orbita"
650 4 _aCorridas de toros.
_911370
830 0 _aColección "Orbita"
_9228983
852 _aES-MaACL
_jC-48332
_bR.69514
999 _c22214
_d22214